| 000 | 00552nam a22002057a 4500 | ||
|---|---|---|---|
| 003 | OSt | ||
| 005 | 20140310182321.0 | ||
| 008 | 130313t xxu||||| |||| 00| 0 eng d | ||
| 020 | _a9781850782193 | ||
| 050 |
_aBS 535 _b.G786d15 1995 |
||
| 082 |
_aGS 220.9 _bG79 1995 |
||
| 245 | _aDaniel, Ruth, Esther / | ||
| 250 | _aAustralian ed. | ||
| 260 |
_bAdelaide Openbook _c1994 |
||
| 300 |
_a48 p. : _c28 cm. _bcol. ill. ; |
||
| 440 |
_aThe great bible discovery : _921139 |
||
| 650 |
_a Bible Stories _910553 |
||
| 942 |
_2lcc _cBK-GS |
||
| 999 |
_c11811 _d11811 |
||